| 000 | 02155cam a2200373 i 4500 | ||
|---|---|---|---|
| 999 |
_c14169 _d14169 |
||
| 005 | 20260214153902.0 | ||
| 008 | 150612t20152015dcuab b 001 0 eng d | ||
| 020 |
_a9781610915960 _q(paperback) |
||
| 035 | _a18658318 | ||
| 042 | _alccopycat | ||
| 043 |
_an-cn--- _an-us--- |
||
| 050 | 0 | 0 |
_aHT170 _b.T65 2015 |
| 082 | 0 | 4 |
_a307.3 _223 |
| 100 | 1 |
_aTomalty, Ray, _eauthor. |
|
| 245 | 1 | 0 |
_aAmerica's urban future : _blessons from north of the border / _cRay Tomalty and Alan Mallach. |
| 300 |
_aix, 300 pages : _billustrations, maps ; _c23 cm |
||
| 504 | _aIncludes bibliographical references (pages 274-288) and index. | ||
| 505 | 0 | 0 |
_tChanging world, changing cities -- _tCanada and the United States: similar yet different -- _tdifferences in livability and sustainability -- _tDifferences in urban form and transportation systems -- _tOrganizing government: powers, boundaries, and governance systems -- _tUrban connectivity: integrated transportation planning -- _tSocial policy and a more inclusive society -- _tVibrant, diverse central cities -- _tGrowing sustainable suburbs -- _tLearning from Canada: conclusion and recommendations. |
| 520 | _aIn this book the authors examine U.S. policy in the light of the Canadian experience, and use that experience as a starting point to generate specific policy recommendations. Their recommendations are designed to help the U.S. further its urban revival, build more walkable, energy-efficient communities, and in particular, help land use adapt better to the needs of the aging population.--Publisher's description. | ||
| 650 | 0 |
_aUrban renewal _zUnited States. |
|
| 650 | 0 |
_aUrban renewal _zCanada. |
|
| 650 | 0 |
_aCity planning _zUnited States. |
|
| 650 | 0 |
_aCity planning _zCanada. |
|
| 650 | 5 |
_aUrban renewal _zCanada. |
|
| 650 | 5 |
_aCity planning _zCanada. |
|
| 650 | 6 |
_aUrbanisme _zOntario _zToronto, Agglomâeration de _xCas, âEtudes de. |
|
| 650 | 7 |
_aCity planning. _2fast |
|
| 650 | 7 |
_aUrban renewal. _2fast |
|
| 651 | 7 |
_aCanada. _2fast |
|
| 651 | 7 |
_aUnited States. _2fast |
|
| 700 | 1 |
_aMallach, Alan, _eauthor. |
|
| 942 | _2ddc | ||